| 000 | 00608nam a2200205Ia 4500 | ||
|---|---|---|---|
| 003 | GCL | ||
| 008 | 140319s9999 xx 000 0 ara d | ||
| 040 |
_aGCL / _cGCL |
||
| 082 | 0 | 4 |
_a840.06 _bر ز |
| 100 | 1 | _aعبدالمسيح ستيتى | |
| 245 | 1 | 0 |
_aزواج لوتروهاديك / _cعبدالمسيح ستيتى |
| 700 | 1 | _aجول رومان | |
| 700 | 1 | _aسامية السعد | |
| 300 |
_a192 ص ؛ _c24 سم |
||
| 490 |
_aالمسرح العالمى _v0 |
||
| 650 | 0 | 4 | _aالادب |
| 650 | 0 | 4 | _aالادب الفرنسى |
| 650 | 0 | 4 | _aالمسرحيات الفرنسية |
| 942 |
_2ddc _cBK |
||
| 999 |
_c42296 _d42296 |
||